Normal view
MARC view
Entry Uniform Title
001 - CONTROL NUMBER
- control field: 51032
003 - CONTROL NUMBER IDENTIFIER
- control field: dpl
005 - DATE AND TIME OF LATEST TRANSACTION
- control field: 20120814103702.0
008 - FIXED-LENGTH DATA ELEMENTS
- fixed length control field: 120814|||a|||||| | ||| d
040 ## - CATALOGING SOURCE
- Original cataloging agency: dpl
- Transcribing agency: dpl
130 ## - HEADING--UNIFORM TITLE
- Uniform title: Work squad
670 ## - SOURCE DATA FOUND
- Source citation: Work cat.: (dpl)61267: Sharma, Shruti 51031, Nature's handymen, 2011
670 ## - SOURCE DATA FOUND
- Source citation: Work cat.: (dpl)61267: Sharma, Shruti 51031, Nature's handymen, 2011
